• 首页
  • 本馆介绍
  • 公告通知
  • 最新文献
  • 馆藏检索
  • 电子资源
  • 读者导购
  • 参考咨询
  • 我的图书馆
  • 登录
  • 详细信息显示
  • 放入我的书架
  • 预约/预借图书
  • 作者相关作品
  • 分类相关作品
  • 丛书相关作品
  • 出版社相关作品

书目信息

  • 表格格式
  • 工作单格式
  • 卡片格式
题名:
印度通史
    
 
作者: 陈恭禄 著
分册:  
出版信息: 北京   中国工人出版社  2018
页数: 10,243页
开本: 24cm
丛书名:
单 册:
中图分类: K351.0
科图分类:
主题词:
电子资源:
ISBN: 978-7-5008-6858-3
000 00786nam0 2200229 450
001 012001005596
005 20080820114048.0
010    @a978-7-5008-6858-3@dCNY42.00
100    @a20180819d2018 em y0chiy50 ea
101 0  @achi
102    @aCN@b110000
105    @aa z 000yy
106    @ar
200 1  @a印度通史@9yin du tong shi@e插图本@f陈恭禄著
210    @a北京@c中国工人出版社@d2018
215    @a10,243页@d24cm
330    @a本书共二十七篇,其第一、二篇,叙述印度名称之由来,地理形势之影响,及其史料与民族。第三—十篇,分述印人之印度时代。第十一—十九篇,叙述回人之时代。第二十—二十七篇,叙述英人统治印度之时代。
607    @a印度@x历史
690    @aK351.0@v5
701  0 @a陈恭禄@9chen gong lu@4著
801  0 @aCN@b上海新华@c20180901
905    @b1174577-81@dK351.0@e24@f5
    
    印度通史:插图本/陈恭禄著.-北京:中国工人出版社,2018
    10,243页;24cm
    
    
    ISBN 978-7-5008-6858-3:CNY42.00
    本书共二十七篇,其第一、二篇,叙述印度名称之由来,地理形势之影响,及其史料与民族。第三—十篇,分述印人之印度时代。第十一—十九篇,叙述回人之时代。第二十—二十七篇,叙述英人统治印度之时代。
●
相关链接 在E读中查询图书 在五车中查询图书 在当当中查询图书 在豆瓣中查询图书


正题名:印度通史     索取号:K351.0/24         预约/预借

序号 登录号 条形码 馆藏地/架位号 状态 备注
1 1174577   211745771   第二样本阅览室/ [索取号:K351.0/24] 在馆    
2 1174578   211745780   第二借阅区/ [索取号:K351.0/24] 在馆    
3 1174579   211745799   第二借阅区/ [索取号:K351.0/24] 在馆    
4 1174580   211745806   第二借阅区/ [索取号:K351.0/24] 在馆    
5 1174581   211745815   密集书库-史法系/ [索取号:K351.0/24] 在馆    
唐山师范学院图书馆 欢迎您!
大连网信软件有限公司© 版权所有